01009nam a22002777a 4500003000900000005001700009008003100026020001500057040002200072082001500094100003200109245014200141250001200283260003100295300003000326490002200356521002600378700004200404700004000446830002200486942001200508945002800520952012400548956004200672999001700714DO-SdBNP20180221145115.0160718 1990 sp a spa d a8439289197 aBPMSUbspacBPMSU 4axxxxbxxxx1 aCapdevila Blanco, Francisco10aCon los cinco sentidos /cFrancisco Capdevila Blanco; asesores pedagógicos Juan Carlos Carrascosa Calpena, Agustín Berrueta Jiménez a4a. ed. aMadrid : bGaviota,c1990. a[24] p. :bil. ;c22 cm. 1 aNene, Nena y Guau aA partir de 3 años.12aCarrascosa Calpena, Juan Carlosease.12aBerrueta Jiménez, Agustínease. 0aNene, Nena y Guau 2ddccBK aInventariado, 2018 / BT 00102ddc40708CI-GaBPMETbBPMETd2016-12-13eCOMPRAl0oxxxx xxxxpBPMSU16120284r2016-12-13v39.60w2016-12-13yBK 2YLOCKWARD3106201612138BPMSUa00144 c12404d12404